Vigas de puentes pretensados-postensados : comportamiento de concretos yuxtapuestos con distinto grado de preesfuerzo

Salvato in:
Dettagli Bibliografici
Autore principale: Gamboa Van der Laat, Carlos Alberto
Natura: Libro
Pubblicazione: San José, C.R. 1997
Soggetti:
Tags: Aggiungi Tag
Nessun Tag, puoi essere il primo ad aggiungerne!!

MARC

LEADER 00000nam a2200000Ia 4500
003 008121
005 20221231144235.0
008 140114s1997 cr a m 000 ||s d
040 |c cru CEDI 
090 |a TFG 3589 
100 |a Gamboa Van der Laat, Carlos Alberto  |9 9689 
245 |a Vigas de puentes pretensados-postensados : comportamiento de concretos yuxtapuestos con distinto grado de preesfuerzo 
260 |c 1997  |a  San José, C.R. 
300 |a  vi, 60 hojas : ilustraciones (algunas a color)  
500 |a  Tesis (licenciatura en ingeniería civil)--Universidad de Costa Rica. Facultad de Ingeniería. Escuela de Ingeniería Civil  
650 |x VIGAS PRETENSADAS   |x PUENTES DE HORMIGON - DISEÑO Y CONSTRUCCION  |9 9690 
942 |c TFG 
999 |c 18923  |d 18923